Dublineses (Registro nro. 8575)

Detalles MARC
000 -LIDER
fixed length control field 00971nam a22003257a 4500
001 - NÚMERO DE CONTROL
Identificador de número de control 34252
003 - IDENTIFICACDOR DE NÚMERO DE CONTROL
control field DO-SdBNP
005 - DATE AND TIME OF LATEST TRANSACTION
control field 20180125111619.0
007 - CAMPOS FIJOS DE DESCRIPCIÓN FÍSICA
fixed length control field 34252
008 - ELEMENTOS DE LONGITUD FIJA
fixed length control field 000531s 1999 sp ||spa
020 ## - ISBN
International Standard Book Number 8481302201
040 ## - FUENTE DE CATALOGACIÓN
Agencia que crea de manera original el registro BPMSU
Idioma de catalogación spa
Agencia que realiza la transcripción BPMSU
041 1# - CÓDIGOS DE OBRAS TRADUCIDAS O EN VARIOS IDIOMAS
Código del idioma del texto/archivo de sonido o separata spa
092 ## - LOCALLY ASSIGNED DEWEY DECIMAL CALL NUMBER
Número de clasificación xxxxxxx
Número de ítem (Cutter) xxxxxxx
100 1# - ASIENTO PRINCIPAL -- NOMBRE PERSONAL
Nombre personal Joyce, James,
Fechas asociadas con el nombre 1882-1941
240 10 - TITULO UNIFORME
Título uniforme Dubliners
Idioma de una obra Español
245 10 - MENCIÓN DE TITULO
Título Dublineses
Mención de responsabilidad James Joyce ; traducción y prólogo de Eduardo Chamorro
260 ## - PUBLICACIÓN, DISTRIBUCIÓN, ETC. (PIE DE IMPRENTA)
Lugar de publicación, distribución, etc Madrid :
Nombre del editor, distribuidor, etc. Unidad Editorial,
Fecha de publicación, distribución, etc 1999.
300 ## - DESCRIPCIÓN FÍSICA
Extensión 186 p. ;
Dimensiones 21 cm.
440 ## - MENCIÓN DE SERIE/ENTRADA SECUNDARIA--TÍTULO
Título Biblioteca El mundo
490 1# - MENCIÓN DE SERIES
Mención de serie Milenium. Las 100 joyas del milenio
Volume/sequential designation 99
490 1# - MENCIÓN DE SERIES
Mención de serie Biblioteca El mundo
700 1# - ASIENTO SECUNDARIO -- NOMBRE PERSONAL
Nombre personal Chamorro, Eduardo,
Mención de responsabilidad pról.
830 #0 - ASIENTO SECUNDARIO DE SERIE--TÍTULO UNIFORME
Título uniforme Milenium.
Nombre de la parte o sección de una obra Las 100 joyas del milenio
Número de la parte o sección de una obra 99
830 ## - ASIENTO SECUNDARIO DE SERIE--TÍTULO UNIFORME
Título uniforme Biblioteca El mundo
942 ## - ADDED ENTRY ELEMENTS (KOHA)
Source of classification or shelving scheme Dewey Decimal Classification
Koha item type Libros
945 ## - INFORMACIÓN DE PROCESAMIENTO LOCAL
Información de procesamiento local Inventariado, 2018 / BT
956 ## - LOCAL ELECTRONIC LOCATION AND ACCESS (OCLC)
Nombre de host VMATEO
Método de acceso 10
Materiales especificados 20151105
Enlace BPMSU
Campo enlazado y núm. de secuencia 00151
956 ## - LOCAL ELECTRONIC LOCATION AND ACCESS (OCLC)
Nombre de host BTAVAREZ
Número de acceso 10
Trayectoria 20180125
Nombre Electrónico BPMSU
Procesador de solicitud 0038
Existencias
Withdrawn status Lost status Source of classification or shelving scheme Damaged status Not for loan Home library Current library Date acquired Source of acquisition Total Checkouts Barcode Date last seen Price effective from Koha item type
    Dewey Decimal Classification     Biblioteca Pública Metropolitana Salomé Ureña Biblioteca Pública Metropolitana Salomé Ureña 11/05/2015 FUNDI   BPMSU18010050 11/05/2015 11/05/2015 Libros